00926cam a2200253 a 450000100100000000500170001000800410002702000290006802000150009704000250011208200180013710000390015524501020019426000700029630000270036649000160039349000150040965000180042465000430044265000170048583000370050295201160053999900170065500001214020200929162719.0980415s1998 ck ac 000 0 spa  a9582001011 (colección) a9582003855 aDO-SdBNPbspacBNPHU a133.43bB517b1 aBernal Arroyave, Guillermo.92868610aBrujas y brujerías :bpropuestas para pasarla espantosamente bien /cGuillermo Bernal Arroyave. aSantafé de Bogotá :bCooperativa Editorial Magisterio,c1998. a86 p. :bil. ;c24 cm.1 aAula Alegre1 aMagisterio 4aBrujas928687 4aBrujeríaxLiteratura infantil928688 4aMagia911033 0aAula alegre ;pMagisterio928689 001050718MOaGRbGRcHDd2009-11-05iLF1l0o133.43 B517bp12140-10r2020-06-25w2020-06-25y1ZNo se presta c11805d11805